1148 1169 1474 1190 1867 1297 1659 1754 1186 1198 1296 1696 1773 1499 1163 1420 1319 1846 1259 1365 1503 1889 1185 1488 1652 1354 1039 1912 1367 1185 1099 1843 1195 1211 1725 1580 1239 1388 1110 1797 1564 1710 1200 1414 1031 1098 1206 1549 1629 1855 1338 1580 1904 1001 1845 1777 1948 1010 1108 1716 1025 1270 1755 1632 1581 1738 1923 1495 1286 1841 1294 1539 1104 1390 1976 1353 1920 1232 1442 1059 1351 1942 1114 1099 1934 1531 1558 1469 1621 1876 1966 1597 1851 1561 1693 1316 1417 1316 1694 BCNSPRNW ULIB Ver.6.0+V

เปลี่ยนเป็นภาษาไทย

Change to English
 แสดงรายละเอียดบรรณานุกรม
  กลับหน้าหลัก

Brief Record : Get Marc (ISO 2709) : E-mail record : QR code < ปิดหน้าต่าง
LEADER : 00000nam 2200000uu 4500
001    13399125935
003     ULIB
008    171120s2556||||th 000 0 tha d
020    ^a9786165381567
050  4 ^aLB1060^bส291ก
100 0  ^aศศิธร เวียงวะลัย
245 10 ^aการจัดการเรียนรู้ Learning Management /^cศศิธร เวียงวะลัย
260    ^aกรุงเทพฯ :^bโอเดียนสโตร์,^c2556
300    ^a262 หน้า
500    ^aชื่อเรื่องจากปกนอก
650  4 ^aการเรียนรู้^xการจัดการ
650  4 ^aกิจกรรมการเรียนการสอน
945    ^p180^l0^i25687
999    ^aกัณชพร จุลอักษร
รายการนี้ยังไม่มีแท็ก
คุณยังไม่ได้ล็อกอิน คุณสามารถมีกิจกรรมร่วมกับเว็บไซต์ได้ แต่ต้องล็อกอินก่อน ::
  ล็อกอิน

รายการสื่อสารสนเทศ

ลำดับที่ ประเภท เลขเรียก/บาร์โค้ด สถานที่ สถานะ
1. วิทยาศาสตร์การแพทย์ และสุขภาพ
วิทยาศาสตร์การแพทย์ และสุขภาพ
LB1060 ส291ก ฉ.1 
  Barcode: 25687
ห้องสมุดวิทยาเขตนครสวรรค์
►หนังสือทั่วไป:l:General Books
บนชั้น

รายการใกล้เคียง
    ผู้แต่ง [ศศิธร เวียงวะลัย]

    หัวเรื่อง [กิจกรรมการเรียนการสอน]

BibComment


ยังไม่เคยถูกคอมเมนท์

คอมเมนท์ทรัพยากรรายการนี้
  คอมเมนท์: การจัดการเรียนรู..


 Copyright 2026. Bcnsprnw @Library